01460nam a2200253 4500003000800000005001700008008004100025040003000066041000800096044000700104082001800111100003900129245019700168260002500365300005700390500003600447502019900483520041200682650002101094653002001115653001801135653001101153700004201164BOFEUTO20260512143529.0260504t2024 bo a gr 001 | spa d 6BOFEUTOaBOFEUTOcBOFEUTO aspa abo aTE6286bC781p aCopa Ignacio, Kevin Rolandoeautor aPlan de negocios para la creación de una empresa de servicios de pintura para ambientes internos y externos en la ciudad de Oruro /cKevin Rolando Copa Ignacio, Iván Mirko Meneses Zambrana aOruro :bs/n,c2024. a170 hojas ;bcuadros, gráf., fig., il. ;c28.5 cm. aIncluye bibliografía, anexos. aTesis Dirigida - Plan de Negocios, (Licenciatura) -- Universidad Técnica de Oruro, Facultad de Ciencias Económicas, Financieras y Administrativas, Carrera Administración de Empresas, 2024. aEl propósito del presente trabajo de investigación busca identificar los factores que deben considerarse en la investigación de mercados, para la creación de una empresa de servicios de pintura para ambientes internos y externos en la ciudad de Oruro, que brinde mano de obra calificada y servicios de alta calidad, asegurando la satisfacción del cliente, con resultados duraderos y profesionales. aAdministración aPlan de mercado aMarketing Mix aVentas aMeneses Zambrana, Iván Mirkoetutor